積水ハウス住宅ルネッサンス : 内需拡大をリードする新戦略
Sparad:
| Huvudupphovsman: | |
|---|---|
| Materialtyp: | Bok |
| Språk: | Undetermined |
| Publicerad: |
東京
ティビーエス・ブリタニカ
1987
|
| Ämnen: | |
| Taggar: |
Lägg till en tagg
Inga taggar, Lägg till första taggen!
|
| Thư viện lưu trữ: | Trung tâm Học liệu Trường Đại học Cần Thơ |
|---|
| LEADER | 00651nam a2200205Ia 4500 | ||
|---|---|---|---|
| 001 | CTU_87697 | ||
| 008 | 210402s9999 xx 000 0 und d | ||
| 082 | |a 338.8 | ||
| 082 | |b H348 | ||
| 100 | |a 橋本光司(はしもと こうじ) | ||
| 245 | 0 | |a 積水ハウス住宅ルネッサンス : | |
| 245 | 0 | |b 内需拡大をリードする新戦略 | |
| 245 | 0 | |c 橋本光司 | |
| 260 | |a 東京 | ||
| 260 | |b ティビーエス・ブリタニカ | ||
| 260 | |c 1987 | ||
| 650 | |a Corporations,Corporations,積水ハウス株式会社 | ||
| 650 | |x Japan | ||
| 904 | |i Ngoc | ||
| 980 | |a Trung tâm Học liệu Trường Đại học Cần Thơ | ||